| 000 | 03090nam a2200769 i 4500 | ||
|---|---|---|---|
| 001 | 44028 | ||
| 003 | KOSZ 005 | ||
| 005 | 20260603063327.0 | ||
| 008 | 200526s2001 pl a f 000 0 pol | ||
| 015 | _aUWD 2001/6090 | ||
| 020 | _a8385369511 | ||
| 035 | _a991015978479705066 | ||
| 035 | _a(PL-WaBN)b14290200-48omnis_nlop | ||
| 035 | _ab14290200 | ||
| 035 | _a(OCoLC)749354245 | ||
| 035 | _a(PL)b0000001429020 | ||
| 035 | _a(EXLNZ-48OMNIS_NETWORK)9910260499805606 | ||
| 040 |
_aWA N _cWA N _dKOSZ 005/RW |
||
| 046 | _k2001 | ||
| 080 | _a63 | ||
| 080 | _a316.334.55(438) | ||
| 245 | 0 | 0 |
_aWieś i rolnictwo na przełomie wieków / _cpod redakcją naukową Izabelli Bukraby-Rylskiej i Andrzeja Rosnera ; [recenzent: prof. dr hab. Bogdan Klepacki] ; Polska Akademia Nauk. Instytut Rozwoju Wsi i Rolnictwa. |
| 260 |
_aWarszawa : _bPolska Aakademia Nauk. Instytut Rozwoju Wsi i Rolnictwa, _c2001. |
||
| 300 |
_a314 stron, [2] strony tablic kolorowych : _bilustracje, mapy ; _c24 cm. |
||
| 336 |
_aTekst _btxt _2rdacontent |
||
| 337 |
_aBez urządzenia pośredniczącego _bn _2rdamedia |
||
| 338 |
_aWolumin _bnc _2rdacarrier |
||
| 380 | _aKsiążki | ||
| 380 | _aPublikacje naukowe | ||
| 388 | _a2001- | ||
| 490 | 1 | _aProblemy Rozwoju Wsi i Rolnictwa | |
| 504 | _aBibliografia przy pracach. | ||
| 536 | _aPublikacja współfinansowana ze środków: Agencji Własności Rolnej Skarbu Państwa oraz Funduszu Współpracy "Agrolinia 2000". | ||
| 648 | 7 | _a1901-2000 | |
| 648 | 7 | _a1989-2000 | |
| 648 | 7 | _a2001- | |
| 650 | 7 |
_aRolnictwo _2DBN |
|
| 650 | 7 |
_aWsie _2DBN |
|
| 650 | 7 | _aInfrastruktura | |
| 650 | 7 | _aSpołeczeństwo | |
| 650 | 7 | _aBezrobocie | |
| 651 | 7 | _aPolska | |
| 655 | 7 | _aPraca zbiorowa | |
| 658 | _aRolnictwo i leśnictwo | ||
| 658 | _aGospodarka, ekonomia, finanse | ||
| 700 | 1 |
_aBukraba-Rylska, Izabella _d(1953- ) _eAutor _eRedakcja |
|
| 700 | 1 |
_aRosner, Andrzej _d(1945- ) _eAutor _eRedakcja |
|
| 700 | 1 |
_aKłodziński, Marek _d(1938- ) _eAutor |
|
| 700 | 1 |
_aHunek, Tadeusz _eAutor |
|
| 700 | 1 |
_aFrenkel, Izasław _d(1929-2020) _eAutor |
|
| 700 | 1 |
_aKlank, Leszek _eAutor |
|
| 700 | 1 |
_aHeffner, Krystian _d(1951- ) _eAutor |
|
| 700 | 1 |
_aPięcek, Beata _eAutor |
|
| 700 | 1 |
_aDzun, Włodzimierz _eAutor |
|
| 700 | 1 |
_aŁapińska-Tyszka, Krystyna _eAutor |
|
| 700 | 1 |
_aHalamska, Maria _eAutor |
|
| 700 | 1 |
_aFedyszak-Radziejowska, Barbara _d(1949- ) _eAutor |
|
| 700 | 1 |
_aOkularczyk, Stanisława _eAutor |
|
| 700 | 1 |
_aSzafraniec, Krystyna _eAutor |
|
| 700 | 1 |
_aWieruszewska, Maria _d(1943- ) _eAutor |
|
| 700 | 1 |
_aKlepacki, Bogdan _d(1953- ) _eRecenzja |
|
| 710 | 2 |
_aInstytut Rozwoju Wsi i Rolnictwa (Polska Akademia Nauk) _4pbl |
|
| 830 | 0 | _aProblemy Rozwoju Wsi i Rolnictwa | |
| 856 |
_uhttp://koha.tu.koszalin.pl/cgi-bin/koha/opac-detail.pl?biblionumber=44028 _yKatalog online BPK |
||
| 942 |
_2UKD _cKS |
||
| 999 |
_c44028 _d44028 |
||